000 00954nam a2200253 a 4500
001 000015094
005 20200929163945.0
008 100201s2002 dr abd 001 0 spa d
040 _aDO-SdBNP
_bspa
_cBNPHU
082 _a738.097291
_bU42c
100 1 _aUlloa Hung, Jorge,
_d1965-
_916015
245 1 0 _aCerámica temprana en el centro del oriente de Cuba /
_cJorge Ulloa Hung, Roberto Valcárcel Rojas.
260 _aSanto Domingo :
_bViewgraph,
_c2002.
300 _a242 p. :
_bil., mapas, tablas ;
_c28 cm.
500 _aIncluye datos biográficos de los autores: p. 242.
504 _aBibliografía : p. 234-241.
590 _aInventariado, 2018/LP
650 4 _aCerámica indígena
_zCuba
_934174
650 4 _aCerámica precolombina
_934175
650 4 _aIndígenas de cuba
_xCerámica
_934176
650 4 _aArqueología indígena
_zCuba
_934177
700 1 _aValcárcel Rojas, Roberto,
_d1968-
_934178
910 _aValidado. Control de calidad EMS
999 _c14666
_d14666